[Event "CRO-chT"]
[Site "Porec"]
[Date "1998.09.13"]
[Round "7"]
[White "Kogan, Artur"]
[Black "Sermek, Drazen"]
[Result "0-1"]
[WhiteElo "2485"]
[BlackElo "2550"]

1.Nf3 d5 2.c4 d4 3.b4 g6 4.e3 e5 5.exd4 e4 6.Qe2 Qe7 7.Ne5 f6 8.Ng4 Nc6 9.Ne3 Nxd4
10.Qd1 Be6 11.Nc3 f5 12.Ned5 Bxd5 13.Nxd5 Qe5 14.Bb2 O-O-O 15.Bc3 Bg7 16.Qa4 Kb8
17.b5 Ne7 18.Nb4 Qf4 19.Qa3 c5 20.bxc6 Nexc6 21.Rc1 Nxb4 22.Bxb4 Nc6 23.Be2 Bf8
24.g3 Bxb4 25.Qxb4 Qxf2+ 26.Kxf2 Nxb4 27.Rb1 Nc2 28.Rhd1 Rxd2 29.Rxd2 e3+
30.Kf3 exd2 31.Bd1 Na3 32.Rb4 Re8 33.c5 Re1 34.Ba4 d1=Q+ 35.Bxd1 Rxd1 36.c6 b6
37.Rh4 h5 38.Ra4 Nb5 39.Rb4 Nc7 40.Rc4 Ne6 41.h4  0-1

[Event "Elista ol (Men)"]
[Site "Elista"]
[Date "1998.09.29"]
[Round "1"]
[White "Makarov, Marat"]
[Black "Ismail, Ahmad"]
[Result "1-0"]
[WhiteElo "2530"]
[BlackElo "2040"]

1.Nf3 d5 2.c4 e6 3.g3 Nf6 4.Bg2 Be7 5.O-O O-O 6.b3 d4 7.e3 d3 8.Bb2 Nc6 9.a3 a5
10.Nc3 e5 11.Qb1 Bg4 12.h3 Bxf3 13.Bxf3 Qd7 14.Bg2 Rfd8 15.Nd5 e4 16.Bxf6 Bxf6
17.Nxf6+ gxf6 18.Bxe4 Qxh3 19.Bxc6 bxc6 20.Qd1 Rab8 21.Qf3 f5 22.Rab1 Rd6
23.Qg2 Qh5 24.c5 Rg6 25.Rfc1 Kh8 26.Rc4 Qe2 27.Qf1 Qxd2 28.Rd1 Qa2 29.Qxd3 Rbg8
30.Qc2 Qxc2 31.Rxc2 f4 32.exf4 Rb8 33.Rc3 Re6 34.Rd7 Re1+ 35.Kg2 Kg7 36.Rxc7 Ra1
37.a4 Ra3 38.Rxc6 Rb4 39.Ra6 Rbxa4 40.bxa4 Rxc3 41.Rxa5  1-0

[Event "Elista ol (Men)"]
[Site "Elista"]
[Date "1998.09.29"]
[Round "1"]
[White "Faraj, Yahya"]
[Black "Vera, Reynaldo"]
[Result "1/2-1/2"]
[WhiteElo "2235"]
[BlackElo "2530"]

1.Nf3 d5 2.c4 e6 3.g3 c6 4.Bg2 dxc4 5.Qc2 b5 6.a4 Bb7 7.O-O a6 8.Rd1 Nf6
9.d3 cxd3 10.Rxd3 Qb6 11.Be3 c5 12.axb5 axb5 13.Rxa8 Bxa8 14.b4 Nbd7 15.Rc3 Be4
16.Qc1 Bxb1 17.Qxb1 Nd5 18.Ra3 Nxe3 19.Ra8+ Nb8 20.fxe3 Be7 21.bxc5 Bxc5
22.Nd4 Bxd4 23.exd4 Qxd4+ 24.Kf1 O-O 25.Qxb5 Qd6 26.Bf3 g6 27.Kg2 Nd7 28.Rxf8+ Kxf8
29.Qg5 Ne5 30.Qf6 h5 31.Qf4 Qc5 32.Qh6+ Kg8 33.Qg5 Qd4 34.Bxh5 Qe4+ 35.Kh3 Kg7
36.Qf4 Qd5 37.Bf3 Qc5 38.g4 f6 39.Kg2 g5 40.Qe4 Ng6 41.Qb7+ Kh6 42.Qf7 f5
43.Qxe6 Kg7 44.Qd7+ Kh6 45.Qe6 Kg7 46.Qd7+ Kh6 47.gxf5 Nh4+ 48.Kh3 Qxf5+
49.Qxf5 Nxf5 50.e4 Nd4 51.Kg4 Kg6 52.Bg2 Nc6 53.h4 gxh4 54.Kxh4 Kf6  1/2-1/2

[Event "Elista ol (Men)"]
[Site "Elista"]
[Date "1998.10.04"]
[Round "6"]
[White "Sandler, Leonid"]
[Black "Nguyen Anh Dung"]
[Result "0-1"]
[WhiteElo "2385"]
[BlackElo "2495"]

1.Nf3 d5 2.c4 d4 3.d3 Nc6 4.g3 g6 5.Bg2 Bg7 6.O-O Nf6 7.b4 O-O 8.Bb2 Nxb4
9.Bxd4 Re8 10.Nbd2 Nc6 11.Bb2 e5 12.Qc2 Bf5 13.e4 Bg4 14.h3 Bxf3 15.Nxf3 Nd7
16.Rfd1 Nc5 17.Bc3 Re6 18.Bf1 Rd6 19.Be2 Qd7 20.Kg2 Rd8 21.Ne1 f5 22.Rab1 b6
23.Kh2 Rf8 24.Kg2 Kh8 25.Nf3 Rd8 26.Ne1 h6 27.Kh2 Qf7 28.f3 Ne6 29.exf5 Qxf5
30.Bf1 Ncd4 31.Qf2 Rf8 32.Bxd4 Nxd4 33.Bg2 h5 34.h4 g5 35.hxg5 Qxg5 36.Nc2 Nxc2
37.Qxc2 h4 38.Qf2 e4 39.f4 hxg3+ 40.Qxg3 Qh6+ 41.Bh3 Rg6 42.Qe1  0-1

[Event "Elista ol (Men)"]
[Site "Elista"]
[Date "1998.10.06"]
[Round "8"]
[White "Makarov, Marat"]
[Black "Rausis, Igors"]
[Result "1/2-1/2"]
[WhiteElo "2530"]
[BlackElo "2535"]

1.Nf3 d5 2.c4 c6 3.e3 Nf6 4.Nc3 a6 5.Qc2 Bg4 6.Ne5 Be6 7.b3 g6 8.Bb2 Bg7
9.Be2 O-O 10.O-O Nbd7 11.Nxd7 Qxd7 12.Na4 Bf5 13.d3 Rad8 14.cxd5 cxd5 15.Be5 Rc8
16.Qb2 Rc6 17.Rac1 Rfc8 18.Qa3  1/2-1/2

[Event "Elista ol (Men)"]
[Site "Elista"]
[Date "1998.10.06"]
[Round "8"]
[White "Saavedra, Carlos"]
[Black "Green, Peter"]
[Result "0-1"]
[WhiteElo "2205"]
[BlackElo "2240"]

1.Nf3 d5 2.c4 e6 3.d4 Nf6 4.Nc3 Be7 5.g3 O-O 6.Bg2 Nbd7 7.Qb3 c6 8.O-O b6
9.Rd1 Ba6 10.Nd2 Bb7 11.e4 dxe4 12.Ndxe4 Nxe4 13.Bxe4 Nf6 14.Bg2 Qd7 15.Qc2 Rfd8
16.b3 Rac8 17.Bb2 Qe8 18.Qe2 Rd7 19.a3 Rcd8 20.Bh3 Rc7 21.Rd2 Qf8 22.b4 Ba6
23.Bf1 Rcd7 24.Rad1 c5 25.bxc5 bxc5 26.d5 exd5 27.Qe1 d4 28.Nb5 Bb7 29.Bh3 a6
30.Bxd7 Rxd7 31.a4 axb5 32.cxb5 Bd8 33.Qf1 Qd6 34.f3 Qd5 35.Rc1 Bb6 36.Kg2 h6
37.h3 Re7 38.Re2 Qxf3+  0-1

[Event "Elista ol (Men)"]
[Site "Elista"]
[Date "1998.10.07"]
[Round "9"]
[White "Ionescu, Constantin"]
[Black "Villamayor, Bong"]
[Result "1/2-1/2"]
[WhiteElo "2515"]
[BlackElo "2280"]

1.Nf3 d5 2.c4 c6 3.d4 Nf6 4.Qc2 e6 5.g3 Nbd7 6.Bg2 Be7 7.O-O b6 8.b3 Bb7
9.Nbd2 Rc8 10.Bb2 c5 11.dxc5 Bxc5 12.Qd3 dxc4 13.Nxc4 Qe7 14.Rfd1 Bd5 15.Nfe5 Nxe5
16.Nxe5 O-O 17.Bxd5 Nxd5 18.a3 a5 19.e4 Nf6 20.Kg2 Qb7 21.f3 Be7 22.a4 Rfd8
23.Qe2 Nd7 24.Nxd7 Rxd7 25.Rxd7 Qxd7 26.Rd1 Qc7 27.Rc1 Qd7  1/2-1/2

[Event "NRW Sportland Cup Masters"]
[Site "Senden"]
[Date "1998.10.08"]
[Round "1"]
[White "Prang, Edgar"]
[Black "Schimmer, Karsten"]
[Result "1/2-1/2"]
[WhiteElo "2270"]
[BlackElo "2140"]

1.Nf3 d5 2.c4 c6 3.g3 g6 4.Bg2 Bg7 5.O-O Nf6 6.Qc2 O-O 7.d3 Re8 8.Na3 e5
9.Bg5 h6 10.Bxf6 Bxf6 11.Nd2 Be6 12.Rac1 Na6  1/2-1/2

[Event "NRW Sportland Cup Masters"]
[Site "Senden"]
[Date "1998.10.09"]
[Round "2"]
[White "Armbruster, Alexander"]
[Black "Raetsky, Alexander"]
[Result "0-1"]
[WhiteElo "2080"]
[BlackElo "2440"]

1.Nf3 d5 2.c4 d4 3.g3 Nc6 4.d3 e5 5.Bg2 Nf6 6.O-O Nd7 7.Na3 Be7 8.Nc2 a5
9.Rb1 O-O 10.b3 Nc5 11.a3 Bf6 12.Nd2 Bg4 13.Ne4 Nxe4 14.Bxe4 Be7 15.b4 axb4
16.axb4 Qd7 17.Bd2 Rfb8 18.b5 Nd8 19.Nb4 Ne6 20.Re1 Nc5 21.Bg2 h5 22.Qc2 h4
23.Nd5 Bd6 24.Bb4 hxg3 25.hxg3 Qd8 26.Bd2 Ra4 27.Kf1 Rba8 28.Nb4 Qc8 29.Qb2 Qf8
30.Qc2 Ra3 31.Nd5 e4 32.Nb4 e3 33.fxe3 dxe3 34.Bxe3 Bxg3 35.Bf2 Bxf2 36.Kxf2 Qd6
37.Nd5 c6 38.bxc6 bxc6 39.Nb4 Qf4+ 40.Kg1 Qe3+ 41.Kh1 Qh6+ 42.Kg1 Qe3+ 43.Kf1 Bh3
44.Qd1 Qg3 45.Bxh3 Qxh3+ 46.Kf2 Ne4+ 47.dxe4 Qh2+ 48.Kf1 Rg3  0-1

[Event "Elista ol (Men)"]
[Site "Elista"]
[Date "1998.10.11"]
[Round "12"]
[White "Villamayor, Bong"]
[Black "Varga, Zoltan"]
[Result "1/2-1/2"]
[WhiteElo "2280"]
[BlackElo "2565"]

1.Nf3 d5 2.c4 d4 3.e3 c5 4.exd4 cxd4 5.d3 Nc6 6.g3 e5 7.Bg2 f6 8.O-O Be6
9.Na3 Qd7 10.Nc2 a5 11.b3 Bd6 12.a3 Nge7 13.Rb1 O-O 14.Re1 Rab8 15.b4 axb4
16.axb4 b5 17.c5 Bc7 18.Bd2 Kh8 19.Ra1 g5 20.Ra6 Bd5 21.h3 Qc8 22.Ra3 Qb7
23.Qe2 Ra8 24.Rea1 Rxa3 25.Rxa3 Ra8 26.Rxa8+ Qxa8 27.Nfe1 Bxg2 28.Nxg2 Qa2
29.Nge1 Kg7 30.h4 h6 31.hxg5 hxg5 32.Qg4 Kf7 33.Qh5+ Ke6 34.Qg4+ Kf7 35.Qh5+ Ke6  1/2-1/2

[Event "Elista ol (Men)"]
[Site "Elista"]
[Date "1998.10.11"]
[Round "12"]
[White "Sommerbauer, Norbert"]
[Black "Pavasovic, Dusko"]
[Result "0-1"]
[WhiteElo "2400"]
[BlackElo "2475"]

1.Nf3 d5 2.c4 e6 3.g3 dxc4 4.Qa4+ c6 5.Qxc4 b5 6.Qb3 Bb7 7.Bg2 Nd7 8.d4 Ngf6
9.O-O a6 10.a4 c5 11.axb5 Bd5 12.Qc2 Be4 13.Qb3 Bd5 14.Qc2 axb5 15.Rxa8 Qxa8
16.Nc3 Bc6 17.e4 Nxe4 18.Ne5 Nxe5 19.Nxe4 Nd7 20.dxc5 Nxc5 21.Re1 Be7 22.Bg5 Nxe4
23.Rxe4 Bxe4 24.Bxe4 Qd8 25.Qc6+ Kf8 26.Bxe7+ Kxe7 27.Qxb5 f5 28.Bc6 Qd6
29.Qc4 Rb8 30.Qh4+ Kf7 31.Ba4 Qb4 32.Qh5+ Kg8 33.b3 Qe1+ 34.Kg2 Qe4+ 35.f3 Qe2+
36.Kh3 g6 37.Qg5 Qf1+  0-1

[Event "Elista ol (Men)"]
[Site "Elista"]
[Date "1998.10.12"]
[Round "13"]
[White "Spangenberg, Hugo"]
[Black "Gyimesi, Zoltan"]
[Result "1-0"]
[WhiteElo "2520"]
[BlackElo "2525"]

1.Nf3 d5 2.c4 e6 3.d4 Nf6 4.e3 dxc4 5.Bxc4 c5 6.Qe2 a6 7.dxc5 Bxc5 8.O-O Qc7
9.Nbd2 Nc6 10.a3 O-O 11.b4 Bd6 12.Bb2 Ne5 13.Rac1 Qb8 14.Bd3 Nxd3 15.Qxd3 Rd8
16.Qc2 b5 17.Bxf6 gxf6 18.Ne4 Be7 19.Nd4 Bb7 20.Nc5 f5 21.Nxb7 Qxb7 22.Nc6 Rd7
23.e4 fxe4 24.Qxe4 Bf6 25.Rc5 Bg7 26.Qf3 Kh8 27.Rfc1 Rg8 28.g3 Qa8 29.Qe4 Bb2
30.R1c2 Bf6 31.Qf3 Rg6 32.Kg2 Kg7 33.Re2 Rd6 34.Rec2 Qb7 35.h4 h6 36.Kh2 Qd7
37.Nb8 Rd3 38.Qxf6+ Rxf6 39.Nxd7 Rxd7 40.Rc6 Ra7 41.Kg2 a5 42.R6c5 axb4 43.axb4 Ra3
44.Rxb5 Rb3 45.h5 e5 46.Re2 Rf5 47.Re3 Rxe3 48.fxe3 Rxh5 49.Rc5 Rg5 50.e4 h5
51.b5 h4 52.Rc3 Rg6 53.Rb3 Rb6 54.gxh4 f5 55.exf5 Kf6 56.Kf3 Kxf5 57.Rb4 Ke6
58.Ke4 Kd6 59.Rb1 Kc7 60.h5 Rh6 61.Rh1 Kb6 62.Kxe5 Kxb5 63.Kf5 Kc6 64.Ke4  1-0

[Event "NRW Sportland Cup Masters"]
[Site "Senden"]
[Date "1998.10.12"]
[Round "5"]
[White "Prang, Edgar"]
[Black "Schroeder, Wilfried"]
[Result "1-0"]
[WhiteElo "2270"]
[BlackElo "2250"]

1.Nf3 d5 2.c4 e6 3.g3 c6 4.Bg2 dxc4 5.O-O Nf6 6.Qc2 Qd5 7.Nc3 Qc5 8.e4 Nbd7
9.b3 cxb3 10.axb3 Qh5 11.d4 e5 12.h3 exd4 13.e5 dxc3 14.exf6 Nxf6 15.Re1+ Be6
16.Ng5 Bc5 17.Qxc3 Bxf2+ 18.Kxf2 O-O 19.Nxe6 fxe6 20.Kg1 Qf7 21.Rf1 Qd7 22.Ba3 Nd5
23.Rxf8+ Rxf8 24.Qc5 Rf5 25.Qxa7 Ne7 26.g4 Rb5 27.Rf1 g6 28.Qb8+  1-0

[Event "NRW Sportland Cup Masters"]
[Site "Senden"]
[Date "1998.10.14"]
[Round "7"]
[White "Prang, Edgar"]
[Black "Souleidis, Georgios"]
[Result "0-1"]
[WhiteElo "2270"]
[BlackElo "2410"]

1.Nf3 d5 2.c4 e6 3.b3 Nf6 4.g3 Be7 5.Bg2 O-O 6.O-O b6 7.Bb2 Bb7 8.e3 c5 9.Na3 Nc6
10.Qe2 Rc8 11.Rfd1 Qc7 12.Rac1 Qb8 13.d4 cxd4 14.Nxd4 Nxd4 15.Rxd4 Ba6 16.Qd1 e5
17.Rd2 dxc4 18.Nxc4 Bxc4 19.Rxc4 Rxc4 20.bxc4 Bb4 21.Rd3 Qc7 22.Qb3 Bc5 23.Qd1 h6
24.Bd5 Qe7 25.e4 Nh7 26.Qh5 Ng5 27.Kg2 Kh7 28.h4 g6 29.Qg4 Ne6 30.Bxe5 f5
31.exf5 Rxf5 32.f4 h5 33.Qd1 Ng7 34.Rd2 Rf8 35.Be4 Rf7 36.Bd5 Nf5 37.Qf3 Rf8
38.Re2 Re8 39.Re1 Nd4 40.Qd3 Nf5 41.Re4 Qf8 42.Kh3 Rd8 43.Kg2 b5 44.Qb3 bxc4
45.Bxc4 Rd2+ 46.Kh3 Ne3  0-1

[Event "NRW Sportland Cup Masters"]
[Site "Senden"]
[Date "1998.10.15"]
[Round "8"]
[White "Espig, Lutz"]
[Black "Prang, Edgar"]
[Result "1/2-1/2"]
[WhiteElo "2440"]
[BlackElo "2270"]

1.Nf3 d5 2.c4 e6 3.b3 Nf6 4.g3 Be7 5.Bb2 O-O 6.Bg2 b6 7.O-O Bb7 8.e3 c5 9.Nc3 dxc4
10.bxc4 Nc6 11.Qe2 a6 12.Rfd1 Qc7 13.Rab1 Rfd8 14.Ba1 Rab8 15.d4 cxd4 16.exd4 Na5
17.d5 Qxc4 18.dxe6 fxe6 19.Qe1 Rxd1  1/2-1/2

[Event "BL2-O9899"]
[Site "Germany"]
[Date "1998.10.18"]
[Round "1.3"]
[White "Pribyl, Martin"]
[Black "Eiber, Manfred"]
[Result "0-1"]
[WhiteElo "2355"]
[BlackElo "2355"]

1.Nf3 d5 2.c4 e6 3.b3 Nf6 4.Bb2 b6 5.g3 Bb7 6.Bg2 Nbd7 7.O-O Be7 8.cxd5 exd5
9.Nd4 g6 10.Nc3 Rb8 11.Nc2 O-O 12.d4 Ne4 13.Ne3 Nxc3 14.Bxc3 c6 15.b4 a6
16.a4 b5 17.Ng4 f5 18.Ne5 Nb6 19.a5 Nc4 20.Nd3 Bf6 21.Nc5 Qe7 22.Qd3 Rbe8
23.Rae1 Bc8 24.e3 Bg5 25.Bd2 Qg7 26.Bc1 Be7 27.f3 Bf6 28.Rd1 Rd8 29.Kh1 Kh8
30.Qb3 Rde8 31.Rd3 Bg5 32.Re1 Qh6 33.f4 Bf6 34.Qd1 Qg7 35.Kg1 g5 36.fxg5 Bxg5
37.Qf3 Qh6 38.Kh1 Bxe3 39.Bxe3 Rxe3 40.Rdxe3  0-1

[Event "BL2-O9899"]
[Site "Germany"]
[Date "1998.10.18"]
[Round "1.4"]
[White "Schoebel, Wolfgang"]
[Black "Priehoda, Vitezslav"]
[Result "0-1"]
[WhiteElo "2270"]
[BlackElo "2370"]

1.Nf3 d5 2.c4 d4 3.g3 g6 4.Bg2 Bg7 5.O-O Nc6 6.d3 e5 7.Na3 Nge7 8.Nc2 a5
9.b3 h6 10.a3 O-O 11.Bb2 Be6 12.b4 Qd7 13.Re1 Rad8 14.b5 Nb8 15.a4 c5 16.bxc6 Nexc6
17.Ba3 Rfe8 18.Nd2 f5 19.Bc5 Qc7 20.Na3 Nb4 21.Nb3 Bd7 22.Nb5 Bxb5 23.axb5 Nd7
24.Bxb4 axb4 25.Qd2 Bf8 26.Ra7 e4 27.Rea1 Nc5 28.Qc2 Nxb3 29.Qxb3 Bc5 30.R7a2 Kg7
31.Qc2 Qe5 32.Rb1 Re7 33.Qd2 Qd6 34.Qc2 Rde8 35.Rba1 h5 36.Ra8 Rxa8 37.Rxa8 h4
38.dxe4 fxe4 39.Bxe4 hxg3 40.hxg3 Qxg3+ 41.fxg3 d3+ 42.Kf1 dxc2 43.Bxc2 Re3
44.Rc8 b6 45.Rc7+ Kh6 46.g4 b3 47.Bb1 Rc3 48.Kg2 Rxc4 49.g5+ Kh5 50.Rg7 Rc2
51.Kf3 Kxg5 52.Rd7 Rc1 53.Rd5+ Kf6 54.Be4 b2  0-1

[Event "BL2-W9899"]
[Site "Germany"]
[Date "1998.10.18"]
[Round "1.2"]
[White "Rotstein, Arkadij"]
[Black "Barsov, Alexei"]
[Result "1-0"]
[WhiteElo "2485"]
[BlackElo "2465"]

1.Nf3 d5 2.c4 e6 3.g3 dxc4 4.Qa4+ Nd7 5.Bg2 c5 6.Qxc4 b6 7.Nc3 Bb7 8.O-O Ngf6
9.d4 Rc8 10.Rd1 cxd4 11.Qxd4 Bc5 12.Qa4 O-O 13.Bg5 Qe8 14.Rac1 h6 15.Bxf6 Nxf6
16.Ne5 Bxg2 17.Kxg2 Rc7 18.Qf4 a5 19.a3 Qa8+ 20.Qf3 Qa6 21.a4 Qb7 22.Nb5 Qxf3+
23.Kxf3 Rcc8 24.Nd7 Nxd7 25.Rxd7 Rfd8 26.Rcd1 Be7 27.Na7 Rxd7 28.Rxd7 Re8
29.Nc6 Bf6 30.Rb7 Bxb2 31.Rxb6 Bc3 32.Ke3 e5 33.Rb5 f6 34.Rc5 Be1 35.Rc1 Re6
36.f3 f5 37.g4 g6 38.gxf5 gxf5 39.Rc5 Kg7 40.Nxe5 Bb4 41.Rc7+ Kf6 42.f4 Rd6
43.Rh7 Bd2+ 44.Kf3 Rd4 45.e3 Rxa4 46.Rxh6+ Ke7 47.Nc6+ Kd7 48.Nd4 Ra2 49.Nxf5 a4
50.Ke4 a3 51.Ra6 Bc1 52.h4 Rh2 53.Kd5 Rd2+ 54.Kc4 Rc2+ 55.Kd3 Rd2+ 56.Kc3 Ra2
57.Rd6+ Ke8  1-0

[Event "VAM Hoogeveen op"]
[Site "Hoogeveen"]
[Date "1998.10.22"]
[Round "7"]
[White "Solomon, Stephen J"]
[Black "Westerinen, Heikki MJ"]
[Result "1-0"]
[WhiteElo "2435"]
[BlackElo "2435"]

1.Nf3 d5 2.c4 d4 3.e4 Nc6 4.d3 e5 5.Be2 Bb4+ 6.Bd2 a5 7.O-O f5 8.exf5 Bxf5
9.Re1 Nge7 10.Nh4 Bd7 11.Bf3 O-O 12.a3 Bxd2 13.Nxd2 Kh8 14.Be4 Qe8 15.Qe2 Qf7
16.g3 Rae8 17.b3 Nf5 18.Nhf3 Qf6 19.c5 Nh6 20.Rab1 Bg4 21.b4 axb4 22.axb4 Nf7
23.h4 g5 24.Qf1 gxh4 25.Nxh4 Ng5 26.Bg2 Ra8 27.Rb2 Nh3+ 28.Bxh3 Bxh3 29.Qe2 Bg4
30.f3 Bf5 31.b5 Nd8 32.Nxf5 Qxf5 33.Qxe5+ Qxe5 34.Rxe5 Ra3 35.Nb3 Nf7 36.Rd5 Nh6
37.Kf2 Ng4+ 38.Ke2 Re8+ 39.Kd2 Ne3 40.Rxd4 Nf1+ 41.Kc3 Nxg3 42.Rd7 Ne2+ 43.Kb4 Raa8
44.Rxc7 Nf4 45.Rd7 Rad8 46.Rxd8 Rxd8 47.Ka5 h5 48.Kb6 Rd7 49.c6 bxc6 50.Nc5 Rh7
51.bxc6 Nd5+ 52.Kb5 Nc7+ 53.Kc4 h4 54.Ne4 Rh6 55.Kc5 Ne6+ 56.Kc4 Nc7 57.Rb6 h3
58.d4 h2 59.Nf2 Rf6 60.d5 Rf4+ 61.Kc5 Rxf3 62.Nh1 Rf1 63.Ng3 Rg1 64.Rb2 Rxg3
65.Rxh2+ Kg7 66.d6 Rc3+ 67.Kb6 Ne6 68.c7 Kf6 69.Rh6+ Kf5 70.Rh5+ Kf6 71.Kb7 Rb3+
72.Kc8 Ra3 73.d7 Ra8+ 74.Kb7 Nxc7 75.Kxc7 Ra7+ 76.Kc8 Ra8+ 77.Kb7  1-0

[Event "Panormo zt"]
[Site "Panormo"]
[Date "1998.10.24"]
[Round "1"]
[White "Anastasian, Ashot"]
[Black "Karayannis, Athanasios"]
[Result "1-0"]
[WhiteElo "2560"]
[BlackElo "2365"]

1.Nf3 d5 2.c4 c6 3.Qc2 Nf6 4.g3 g6 5.Bg2 Bg7 6.O-O O-O 7.b3 Bf5 8.d3 Qc8
9.Re1 Bh3 10.Bh1 dxc4 11.bxc4 c5 12.Bb2 Nc6 13.Nbd2 Qc7 14.Rab1 Rad8 15.Bxf6 Bxf6
16.Ne4 b6 17.Nxf6+ exf6 18.Qb2 Qd6 19.Nd2 f5 20.Nf1 Bxf1 21.Kxf1 Rfe8 22.Rbd1 h5
23.e3 Ne5 24.Bd5 Ng4 25.Kg2 Qe5 26.Qxe5 Rxe5 27.a4 Nf6 28.Bf3 Re7 29.Be2 Nd7
30.Bf3 Nb8 31.d4 Na6 32.Re2 Red7 33.d5 Nc7 34.Rb2 Ne8 35.a5 Nd6 36.Be2 Rb7
37.Ra1 bxa5 38.Rc2 Rdb8 39.Rxa5 Rb2 40.Rxb2 Rxb2 41.Bd3 Rd2 42.Ra3 Kg7 43.Kf1 Rd1+
44.Ke2 Rc1 45.Ra5 Ne4 46.Bxe4 fxe4 47.Rxc5 Kf6 48.Rc6+ Ke5 49.d6 Ke6 50.c5 Rc2+
51.Ke1 a5 52.Rc7 Rc3 53.d7 Ke7 54.c6  1-0

[Event "Panormo zt"]
[Site "Panormo"]
[Date "1998.10.25"]
[Round "2"]
[White "Damljanovic, Branko"]
[Black "Borg, Andrew"]
[Result "1-0"]
[WhiteElo "2555"]
[BlackElo "2150"]

1.Nf3 d5 2.c4 c6 3.Qc2 Nf6 4.g3 Bg4 5.Bg2 e6 6.O-O Nbd7 7.d4 Be7 8.Nbd2 O-O
9.e4 dxe4 10.Nxe4 Bf5 11.Nxf6+ Bxf6 12.Qe2 Nb6 13.Be3 Re8 14.Rfd1 Bg4 15.a4 a5
16.Qc2 Be7 17.Qb3 Bb4 18.h3 Bh5 19.g4 Bg6 20.Ne5 Nd7 21.Nxg6 hxg6 22.d5 exd5
23.cxd5 c5 24.d6 Ra7 25.Rac1 b6 26.Bc6 Rf8 27.Bb5 Qf6 28.Kg2 Rd8 29.Rd5 Qe6
30.Rcd1 Kh7 31.Bg5 f6 32.Bf4 Nf8 33.Qd3 Kh8 34.Bc4 Qc8 35.Bg3 Qa8 36.f3 Rad7
37.h4 Qb7 38.Rh1 Re8 39.g5 Rf7 40.h5  1-0

[Event "Najdorf op"]
[Site "Buenos Aires"]
[Date "1998.10.27"]
[Round "4"]
[White "Blatny, Pavel"]
[Black "Soppe, Guillermo"]
[Result "1-0"]
[WhiteElo "2520"]
[BlackElo "2455"]

1.Nf3 d5 2.c4 e6 3.b3 Nf6 4.Bb2 Be7 5.g3 a5 6.Bg2 a4 7.Na3 axb3 8.axb3 O-O
9.Nc2 Rxa1 10.Qxa1 c5 11.d3 Nc6 12.O-O Qb6 13.Rb1 Rd8 14.Ne5 Nxe5 15.Bxe5 Bd7
16.Bc3 Qc7 17.Qa7 Bc6 18.Ra1 Rc8 19.Na3 h5 20.Nb5 Qd7 21.Na3 h4 22.d4 dxc4
23.Nxc4 hxg3 24.hxg3 Qe8 25.Bxc6 Qxc6 26.Na5 Qe8 27.Qxb7 Nd5 28.Bb2 Bf6 29.e4 Nb4
30.e5 Be7 31.Nc4 Rb8 32.Qe4 Qc6 33.Qe2 Nd5 34.Na5 Qb6 35.Ra4 Rc8 36.Qd3 Nb4
37.Qe4 cxd4 38.Bxd4 Qb5 39.Kg2 Rd8 40.Bb2 Nd5 41.Ra1 g6 42.Qc4 Qd7 43.Qa4 Ne3+
44.fxe3 Qd2+ 45.Kf3 Qxb2 46.Nc6 Rd2 47.Nxe7+ Kg7 48.Rf1 Rh2 49.Kg4 Qxe5 50.Qd4  1-0

[Event "Najdorf op"]
[Site "Buenos Aires"]
[Date "1998.10.27"]
[Round "4"]
[White "Rubinetti, Jorge A"]
[Black "Krasenkow, Michal"]
[Result "0-1"]
[WhiteElo "2425"]
[BlackElo "2655"]

1.Nf3 d5 2.c4 e6 3.g3 dxc4 4.Qa4+ Nd7 5.Bg2 a6 6.Qxc4 b5 7.Qc2 Bb7 8.O-O c5
9.b3 Ngf6 10.Bb2 Rc8 11.d3 Be7 12.Nbd2 O-O 13.Rac1 Rc7 14.Ne5 Bxg2 15.Kxg2 Nb6
16.Ndf3 Nfd5 17.Qd2 f6 18.Ng4 c4 19.bxc4 bxc4 20.a3 c3 21.Bxc3 Bxa3 22.Bb2 Bb4
23.Qd1 h5 24.Ne3 Nxe3+ 25.fxe3 Nd5 26.Kf2 Rxc1 27.Qxc1 Qb6 28.Bd4 Qb7 29.e4 Rc8
30.Qb1 Nc3 31.Bxc3 Rxc3 32.Rc1 a5 33.Kg2 Qc6 34.Rxc3 Qxc3 35.Qa2 Kf7 36.Qa4 Qc7
37.Qb5 g6 38.d4 Qc2 39.e5 Qe4 40.Qd7+ Be7 41.Kf2 Qd5 42.Qa4 g5 43.exf6 Bxf6
44.e3 g4 45.Nd2 e5 46.Qc4 Qxc4 47.Nxc4 a4 48.dxe5 Be7 49.Ke2 a3 50.Nd2 a2
51.Nb3 Ke6  0-1

[Event "Panormo zt"]
[Site "Panormo"]
[Date "1998.10.29"]
[Round "6"]
[White "Vouldis, Angelos"]
[Black "Miladinovic, Igor"]
[Result "1/2-1/2"]
[WhiteElo "2475"]
[BlackElo "2555"]

1.Nf3 d5 2.c4 d4 3.g3 g6 4.Bg2 Bg7 5.O-O e5 6.d3 Ne7 7.b4 O-O 8.Nbd2 c6 9.Nb3 Na6
10.a3 Nc7 11.a4 Ne6 12.Ng5 Nxg5 13.Bxg5 Qc7 14.b5 Re8 15.bxc6 Nxc6 16.a5 Rb8
17.Nc5 h6 18.Bd2 Nd8 19.Bb4 Nc6 20.Ba3 Rd8 21.a6 b6 22.Nb7 Bxb7 23.axb7 Qxb7
24.Qa4 Rbc8 25.Rfb1 Qd7 26.Rb5 Qe8 27.Bc1 Bf8 28.Rbb1 Kg7 29.Qb5 Bc5 30.Ba3 Na5
31.Qxe8 Rxe8 32.Bc1 Re7 33.Bd2 Nc6 34.Bxc6 Rxc6 35.Ra6 e4 36.Kf1 Rcc7 37.Rb5 g5
38.Bb4 Bxb4 39.Rxb4 g4 40.Rb5 Kg6 41.Rd5 exd3 42.exd3 Rcd7 43.Rxd7 Rxd7 44.c5 Rb7
45.cxb6 axb6 46.Ra4 Rd7 47.Rb4 Rd6 48.Rb5 f5 49.Ke2 h5 50.Kd2 Kg5 51.Ke2 Re6+
52.Kd2 Rd6 53.Ke2 h4 54.f4+ Kg6 55.gxh4 Re6+ 56.Kf2 Re3 57.h5+ Kh6 58.Rxf5 Rxd3
59.Rb5 Rf3+ 60.Kg2 Rxf4 61.Kg3 Re4 62.Kh4 g3+  1/2-1/2

[Event "DEN-chT 9899"]
[Site "Denmark"]
[Date "1998.11.01"]
[Round "1"]
[White "Skytte, Rasmus"]
[Black "Boe, Mads"]
[Result "1/2-1/2"]
[WhiteElo "2215"]
[BlackElo "2345"]

1.Nf3 d5 2.c4 c6 3.d4 Nf6 4.Nc3 e6 5.Bg5 Be7 6.e3 Nbd7 7.Qc2 h6 8.Bh4 O-O
9.cxd5 exd5 10.Bd3 Re8 11.O-O Nf8 12.Ne5 Ng4 13.Bg3 Bd6 14.Nxg4 Bxg4 15.Rab1 Bxg3
16.hxg3 h5 17.f3 Bd7 18.Kf2 Qf6 19.Rh1 g6 20.b4 a6 21.Na4 Re7 22.Nc5 Rae8
23.Rbe1 Bc8 24.a4 Nh7 25.b5 axb5 26.axb5 Ng5 27.bxc6 bxc6 28.Rhf1 Kg7 29.f4 h4
30.Qd2 Rh8 31.gxh4 Ne4+ 32.Bxe4 Qxh4+ 33.g3 Qh2+ 34.Bg2 Rh3 35.Rh1 Qxg3+
36.Kf1 Rxh1+ 37.Bxh1 Ra7 38.Bg2 Qh2 39.Qf2 Bh3 40.Qg1 Qg3 41.Qf2 Qxf2+ 42.Kxf2 Ra2+
43.Re2 Rxe2+ 44.Kxe2 Bxg2 45.Nd7 f6 46.Nb8 Kf7 47.Nxc6 Ke6 48.Nb4 Kf5 49.Kf2 Bh1
50.Nd3 g5 51.fxg5 fxg5 52.Ne5 Be4 53.Kg3 Bc2 54.Nd7 Bd1 55.Nc5 Bh5 56.Nd7 Bd1
57.Nc5 Bh5 58.Nd7 Be2 59.Nc5 Bh5 60.Nd7 Bd1 61.Nc5 Bh5 62.Nd7 Bd1 63.Nc5 Bh5
64.Nd7  1/2-1/2

[Event "Donetzk zt"]
[Site "Donetsk"]
[Date "1998.11.03"]
[Round "2"]
[White "Kruppa, Yuri"]
[Black "Milov, Leonid"]
[Result "1/2-1/2"]
[WhiteElo "2570"]
[BlackElo "2490"]

1.Nf3 d5 2.c4 c6 3.e3 Nf6 4.Nc3 Bg4 5.cxd5 Bxf3 6.Qxf3 cxd5 7.Bb5+ Nc6 8.O-O e6
9.Bxc6+ bxc6 10.b3 Be7 11.Bb2 O-O 12.Rfc1 Qa5 13.Rc2 c5 14.d3 Rac8 15.Na4 Qa6
16.Qe2 Rc7 17.Bxf6 gxf6 18.Rac1 Rfc8 19.e4 dxe4 20.Qxe4 f5 21.Qe3 Rd7 22.Nxc5 Rxc5
23.Rxc5 Bxc5 24.Rxc5 Rxd3 25.Qg5+ Kf8 26.Rc1 Qb7 27.h4 Qb8 28.g3 Qd8 29.Qxd8+ Rxd8
30.Rc7 a5 31.Ra7 Rd5 32.Kf1 Kg7 33.Ke2 h6 34.Rb7 Kg6 35.a3 f6 36.a4 Rd6 37.Rb5 Ra6
38.Kd3 Kh5 39.Rc5 e5 40.Kc4 Kg4 41.Kb5 Ra8 42.Rc6 Rb8+ 43.Kxa5 Rxb3 44.Rb6 Rf3
45.Rb2 e4 46.Kb5 e3 47.Rb4+ Kh3 48.Rb3 e2 49.Rxf3 e1=Q 50.Rf4 Qe5+ 51.Kb6 Qd6+
52.Kb5 Qd5+  1/2-1/2

[Event "Donetzk zt"]
[Site "Donetsk"]
[Date "1998.11.04"]
[Round "3"]
[White "Malaniuk, Vladimir P"]
[Black "Berezin, Oleg"]
[Result "1-0"]
[WhiteElo "2590"]
[BlackElo "2455"]

1.Nf3 d5 2.c4 c6 3.e3 Nf6 4.Nc3 e6 5.b3 Nbd7 6.Qc2 Bd6 7.Bb2 O-O 8.Be2 a6
9.d4 Re8 10.O-O e5 11.cxd5 cxd5 12.dxe5 Nxe5 13.Rfd1 Be6 14.Rac1 Rc8 15.Qb1 Bb8
16.Nxe5 Bxe5 17.Bf3 Bg4 18.Bxg4 Nxg4 19.Qf5 Bxh2+ 20.Kf1 Nh6 21.Qxd5 Bb8
22.Qxb7 Qh4 23.Qf3 Ng4 24.Ke2 Ne5 25.Qh3 Qb4 26.Qf5 Ng6 27.Nd5 Qb5+ 28.Qd3 Rxc1
29.Bxc1 Qa5 30.a4 h5 31.Bb2 Be5 32.Ba3 h4 33.Bb4 Qd8 34.Ne7+  1-0

[Event "Wch U18"]
[Site "Oropesa del Mar"]
[Date "1998.11.06"]
[Round "10"]
[White "Mateuta, Gabriel"]
[Black "Lopez Martinez, Jose Manuel"]
[Result "1/2-1/2"]
[WhiteElo "2390"]
[BlackElo "2350"]

1.Nf3 d5 2.c4 d4 3.b4 c5 4.Bb2 Nd7 5.e3 e5 6.bxc5 dxe3 7.dxe3 Qa5+ 8.Qd2 Qxd2+
9.Nbxd2 f6 10.c6 bxc6 11.Bd3 Nc5 12.Bc2 Be6 13.O-O-O Rc8 14.Nh4 Nh6 15.h3 g5
16.Nhf3 Be7 17.Rhe1 Kf7 18.g4 Rcd8 19.Kb1 Rb8 20.Ka1 Rhd8 21.Ne4 Nxe4 22.Bxe4 Rxd1+
23.Rxd1 Bxc4 24.Bxc6 Rb6 25.Bd5+ Bxd5 26.Rxd5 Ke6 27.Rd3 Nf7 28.Nd2 Rd6 29.Rxd6+ Bxd6
30.Kb1 Bb4 31.Ne4 f5 32.Ng3 fxg4 33.hxg4 Nd6 34.f3 Be1 35.Ne2 Nc4 36.Bc1 e4
37.fxe4 Bd2 38.Nd4+ Ke5 39.Bxd2 Nxd2+ 40.Kc2 Nf1 41.Nf5 Nh2 42.Nh6 Nf1 43.Nf5  1/2-1/2

[Event "ISL-ch"]
[Site "Arborg"]
[Date "1998.11.07"]
[Round "11"]
[White "Bjarnason, Saevar"]
[Black "Thorhallsson, Throstur"]
[Result "0-1"]
[WhiteElo "2295"]
[BlackElo "2495"]

1.Nf3 d5 2.c4 dxc4 3.Qa4+ Nd7 4.Qxc4 a6 5.g3 b5 6.Qc2 Bb7 7.Bg2 c5 8.O-O Ngf6
9.d3 e5 10.Nbd2 Bd6 11.b3 O-O 12.Bb2 Re8 13.Ne4 Nxe4 14.dxe4 Nb6 15.Rfd1 Qe7
16.Ba3 Rac8 17.Nh4 g6 18.Bh3 Rc6 19.Ng2 b4 20.Bc1 c4 21.Ne3 cxb3 22.Qxb3 Rc3
23.Qb1 Rc7 24.Qd3 Bc5 25.Rb1 Bd4 26.Bd2 a5 27.Rbc1 Rd8 28.Qb5 Rc5 29.Rxc5 Qxc5
30.Qd3 Nc4 31.Bg2 Nb2  0-1

[Event "GER-ch"]
[Site "Bremen"]
[Date "1998.11.07"]
[Round "2"]
[White "Espig, Lutz"]
[Black "Kargoll, Peter"]
[Result "1/2-1/2"]
[WhiteElo "2440"]
[BlackElo "2315"]

1.Nf3 d5 2.c4 e6 3.g3 Nf6 4.Bg2 c6 5.d4 Nbd7 6.Qc2 Be7 7.O-O O-O 8.Rd1 b6
9.b3 Bb7 10.Nc3 Qc8 11.Bb2 Ba6 12.Ne5 Nxe5 13.dxe5 Nd7 14.cxd5 cxd5 15.Rac1 Qb8
16.Nxd5 exd5 17.Qc7 Qe8 18.Bxd5 Bd8 19.Qd6 Be7 20.Qc7 Bd8 21.Qd6 Be7  1/2-1/2